| 000 | 00570nam a2200205Ia 4500 | ||
|---|---|---|---|
| 003 | OSt | ||
| 005 | 20230408094230.0 | ||
| 008 | 210423s2010 xx 000 0 und d | ||
| 020 | _a9788184896152 | ||
| 040 | _cAL | ||
| 041 | _aeng | ||
| 082 |
_a512.55 HUMJ _223 |
||
| 100 |
_aHUMPHREYS (James E). _984531 |
||
| 245 | _aIntroduction to lie algebras and representation theory. | ||
| 260 |
_aNew York _bSpringer Verlag _c2010 |
||
| 300 |
_axii,171 _bPB |
||
| 365 |
_b375 _cINR |
||
| 906 | _aalgebras ; Introduction ; lie ; representation ; theory. | ||
| 942 |
_2ddc _cBK |
||
| 999 |
_c158996 _d158996 |
||